000
00471nam a2200181Ia 4500
008
090124s9999 xx 000 0 und d
082
_b
29886
100
_a
ओक जनार्दन
245
_a
माग
250
_a
0
260
_b
श्रद्धा प्रकाशन
_c
1991
300
_a
156
600
_a
ओक जनार्दन
630
_a
माग
700
_a
ओक जनार्दन
730
_a
माग
942
_c
BOOK
999
_c
95070
_d
95070